Jules Lemaître (Record no. 140596)

MARC details
000 -LEADER
campo de control de longitud fija 00650nam a2200193 4500
001 - NÚMERO DE CONTROL
campo de control 140596
003 - IDENTIFICADOR DE NÚMERO DE CONTROL
campo de control ES-MaACL
005 - FECHA Y HORA DE LA ÚLTIMA TRANSACCIÓN
campo de control 20230906200118.0
007 - CAMPO FIJO DE DESCRIPCIÓN FÍSICA--INFORMACIÓN GENERAL
campo de control de longitud fija t|
008 - DATOS DE LONGITUD FIJA--INFORMACIÓN GENERAL
campo de control de longitud fija 070214s1935 fr r ||||1| fre d
100 1# - ENTRADA PRINCIPAL--NOMBRE DE PERSONA
Nombre de persona Seillière, Ernest.
9 (RLIN) 105268
245 10 - MENCIÓN DEL TÍTULO
Título Jules Lemaître
Resto del título : historien de l'evolution naturiste /
Mención de responsabilidad, etc. Ernest Seillière.
260 ## - PUBLICACIÓN, DISTRIBUCIÓN, ETC.
Lugar de publicación, distribución, etc. Paris :
Nombre del editor, distribuidor, etc. Nouvelle Revue Critique,
Fecha de publicación, distribución, etc. [1935]
300 ## - DESCRIPCIÓN FÍSICA
Extensión 256 p. ;
Dimensiones 19 cm.
490 1# - MENCIÓN DE SERIE
Mención de serie Essais critiques, artistiques, philosophiques et litteraires
830 0# - PUNTO DE ACCESO ADICIONAL DE SERIE-TÍTULO UNIFORME
Título uniforme Essais critiques, artistiques, philosophiques et litteraires
9 (RLIN) 220342
852 ## - LOCALIZACIÓN
Ubicación ES-MaACL
Número de control de estantería A-4521
Holdings
Estatus retirado Estado de pérdida Estado de daño No para préstamo Biblioteca de origen Biblioteca actual Ubicación en estantería Fecha de adquisición Fuente de adquisición Total de préstamos Signatura topográfica completa Código de barras Visto por última vez Precio de reemplazo Tipo de ítem Koha
        Biblioteca del Ateneo de Madrid Biblioteca del Ateneo de Madrid Sala Pecera Planta 1 17/01/2008     A-4521 1146306 23/02/2023 23/02/2023 Libro impreso